000 00527cam a22001934a 4500
005 20250605163601.0
008 250528s ||||||||||||||||||||||||d
035 _a22194
020 _a9789606829239
040 _aGR-AtMCL
_bgre
_dGR-AtMCL
_eAACR2
245 1 _aΕΠΤΑ ΙΣΤΟΡΙΟΥΛΕΣ ΓΙΟΡΤΙΝΕΣ ΚΑΙ ΠΑΡΑΞΕΝΕΣ ΕΠΤΑ
250 _a4
260 _bPolaris,
_c2010
300 _a74
700 1 _aΜπουλωτης Χρηστος
942 _cBK
999 _c7250
_d7250